[Event "ARG-ch sf"]
[Site "Corrientes"]
[Date "2018.03.16"]
[Round "1"]
[White "Palacio, Nestor"]
[Black "Zalazar, Diego"]
[Result "1/2-1/2"]
[WhiteElo "1140"]
[BlackElo "1808"]
[PlyCount "66"]
[EventDate "2018.03.16"]
[EventType "swiss"]
[EventRounds "7"]
[EventCountry "ARG"]
[SourceTitle "CBM 183 Extra"]
[Source "ChessBase"]
[SourceDate "2018.04.19"]
[SourceVersion "1"]
[SourceVersionDate "2018.04.19"]
[SourceQuality "1"]

1. e4 c5 2. Nf3 d6 3. d4 cxd4 4. Nxd4 Nf6 5. Nc3 a6 6. Bg5 Nbd7 7. f4 Qc7 8. Qf3 e6 9. 0-0-0 Be7 10. g4 h6 11. Bxf6 Bxf6 12. h4 g5 13. hxg5 hxg5 14. Rxh8+ Bxh8 15. f5 Ne5 16. Qh3 Bf6 17. fxe6 fxe6 18. Bb5+ axb5 19. Ndxb5 Qe7 20. Nxd6+ Kf8 21. Rf1 Kg8 22. Ndb5 Ng6 23. Qe3 Nf4 24. e5 Bg7 25. Qe4 Ra5 26. Rh1 Qc5 27. Nd6 Bd7 28. Nxb7 Qxe5 29. Nxa5 Qxa5 30. Qb7 Bxc3 31. Qxd7 Bg7 32. Qe8+ Bf8 33. Qd7 Bg7 1/2-1/2